00375 a2200145 4500001000700000040002200007041001600029082002400045100003100069245005800100250001000158260003900168300000900207362001300216144921 cLeonardo Da Vinci aPortuguês a869.97 L926cbL926c aVeríssimo, Luis Fernando aComédias da vida privadab101 crônicas escolhidas a11.ed bLE_COMERCIALPMc1995aPorto Alegre a326p a19950000